000 00456nam a2200193Ia 4500
003 LK-CoDNM
008 010623t1993 xxu||||| |||| 00| 1 sin d
040 _aLK-CoDNM
_dLK-CoDNM
_eLK-CoDNM
041 _asin
080 _a781
_bARI
100 _aAriyawathi, Ajantha
_eed.
245 _aනළු ගී
246 _aNalu Gee
260 _bAuthor
_aPiliyandala
_c1993
300 _b96, 21 cm
650 _aLiterature
650 _aMusic
942 _cBK
999 _c116138
_d116138